Cell cycle checkpoints: from yeast to algae

Bibliographic Details
Main Authors: Nagyová, Barbara (Author), Slaninová, Miroslava (Author), Gálová, Eliška, 1962- (Author), Vlček, Daniel, 1943- (Author)
Format: Article
Language:Slovak
English
PhysicalDescription:Obr.
ISSN:0006-3088
Subjects:

MARC

LEADER 00000nab a2200000 a 4500
001 vtls001496033
003 SK-MaSNL
005 20260304142009.0
008 250505c2003 xo g 0 slo
015 |a SNBCL2005/2 
035 |a (uuid)c2d0a407-33e5-4dd1-8042-8940391ee3f7 
035 |a urn:nbn:sk:snk-abbydf 
035 |a (urnnbn)urn:nbn:sk:snk:ar-0018d2 
040 |a SNKBUCL  |b slo  |c SNKBUCL  |e AACR2 
041 1 |a eng  |h eng 
044 |a xo  |c SK 
080 |a 582.28:582.263:061.3  |2 1981 
100 1 |a Nagyová, Barbara  |4 aut  |9 1460879 
245 1 0 |a Cell cycle checkpoints: from yeast to algae  |c Barbara Nagyová ... [et al.] 
300 |b Obr. 
504 |a Res. angl. 
504 |a Bibliogr. odkazy 
650 0 7 |a Chlamydomonas Reinhardtii  |x rast a vývin  |2 MESH  |9 1460880 
650 0 7 |a bunkový cyklus  |2 MESH  |9 20171 
650 0 7 |a DNA poškodenie  |2 MESH  |9 1412511 
650 0 7 |a proteíny fungálne  |2 MESH  |9 1460881 
650 0 7 |a riasy  |2 MESH  |9 3712 
650 0 7 |a kongresy (publikačný typ)  |2 MESH  |9 846472 
700 1 |a Slaninová, Miroslava  |4 aut  |9 24389 
700 1 |a Gálová, Eliška,  |d 1962-  |4 aut  |9 193120 
700 1 |a Vlček, Daniel,  |d 1943-  |4 aut  |9 214729 
773 0 |t Biologia  |g Vol. 58, no. 4 (2003), s. 617-626  |x 0006-3088 
850 |a Slovenská národná knižnica 
852 |a Slovenská národná knižnica 
954 |a odborná, vedecká literatúra pôvodná (slovenská)  |2 lita 
958 |a article15 
958 |a OND 
958 |a EUIPO 
999 |c 2920149  |d 2922079